Catalog

Record Details

Catalog Search



Implementing Climate Change Measures in the EU Key Success Factors  Cover Image E-book E-book

Implementing Climate Change Measures in the EU [electronic resource] : Key Success Factors / by Merle Grobbel.

Grobbel, Merle. (author.). SpringerLink (Online service) (Added Author).

Record details

  • ISBN: 9783531913285
  • Physical Description: 430p. 55 illus. online resource.
  • Publisher: Wiesbaden : VS Verlag für Sozialwissenschaften, 2009.
Subject: Political science.
Social Sciences, general.
Political Science.

Electronic resources


LDR 01258nam a22003375i 4500
00120309
003CONS
00520131224041741.0
007cr nn 008mamaa
008100301s2009 gw | s |||| 0|eng d
020 . ‡a9783531913285 ‡9978-3-531-91328-5
0247 . ‡a10.1007/978-3-531-91328-5 ‡2doi
035 . ‡a(DE-He213)978-3-531-91328-5
050 4. ‡aJA1-92
072 7. ‡aJPA ‡2bicssc
072 7. ‡aPOL000000 ‡2bisacsh
1001 . ‡aGrobbel, Merle. ‡eauthor.
24510. ‡aImplementing Climate Change Measures in the EU ‡h[electronic resource] : ‡bKey Success Factors / ‡cby Merle Grobbel.
264 1. ‡aWiesbaden : ‡bVS Verlag für Sozialwissenschaften, ‡c2009.
300 . ‡a430p. 55 illus. ‡bonline resource.
336 . ‡atext ‡btxt ‡2rdacontent
337 . ‡acomputer ‡bc ‡2rdamedia
338 . ‡aonline resource ‡bcr ‡2rdacarrier
347 . ‡atext file ‡bPDF ‡2rda
650 0. ‡aPolitical science.
65014. ‡aSocial Sciences, general.
65024. ‡aPolitical Science.
7102 . ‡aSpringerLink (Online service)
7730 . ‡tSpringer eBooks
77608. ‡iPrinted edition: ‡z9783531162515
85640. ‡uhttp://biblioteca.ipicyt.edu.mx:2048/login?url=http://dx.doi.org/10.1007/978-3-531-91328-5 ‡yTexto completo ‡9CONS
950 . ‡aHumanities, Social Sciences and Law (Springer-11648)
901 . ‡a20309 ‡b ‡c20309 ‡tbiblio ‡sSystem Local

Additional Resources